Green Reads/ (Record no. 210884)

MARC details
000 -LEADER
fixed length control field 00518nam a22001817a 4500
005 - DATE AND TIME OF LATEST TRANSACTION
control field 20250408165100.0
010 ## - LCCN (DPL NO)
LC control number ENG-144570
020 ## - INTERNATIONAL STANDARD BOOK NUMBER
International Standard Book Number 9789389671809
Terms of availability 150.00
035 ## - SYSTEM CONTROL NUMBER
System control number EN-128102
037 ## - SOURCE OF ACQUISITION
Source of stock number/acquisition DBAD
082 ## - DEWEY DECIMAL CLASSIFICATION NUMBER
Classification number S
100 ## - MAIN ENTRY--PERSONAL NAME
Personal name Valloor, Reeja Jacob
245 ## - TITLE STATEMENT
Title Green Reads/
Statement of responsibility, etc Reeja Jacob Valloor
260 ## - PUBLICATION, DISTRIBUTION, ETC. (IMPRINT)
Place of publication, distribution, etc Thrissur
Name of publisher, distributor, etc Green books pvt limited
Date of publication, distribution, etc 2020
270 ## - ADDRESS
Address GB Building , Civil Lane Road, Ayyanthole
City Thrissur
State or province Kerala
Postal code 680003
300 ## - PHYSICAL DESCRIPTION
Extent 120p
Dimensions 21cm(pb)
942 ## - ADDED ENTRY ELEMENTS (KOHA)
Source of classification or shelving scheme Dewey Decimal Classification
Item type English Books
Classification part S
Call number suffix VAL
Holdings
Withdrawn status Lost status Not for loan Collection code Home library Current library Date acquired Source of acquisition Cost, normal purchase price Full call number Barcode Copy number Cost, replacement price Koha item type
      Fiction Janak Puri Janak Puri 08/04/2025 Delivery of Books Act Division 150.00 S VAL EN-128102 1 150.00 English Books

© Delhi Public Library
Hit Counter
free hit counter